000 00362 a2200157 4500
001 48671
040 _cAnchieta - Bela Vista
100 _aBandeira, Pedro
240 1 0 _aPor enquanto eu sou pequeno
_lpor
245 1 0 _aPor enquanto eu sou pequeno
300 _a31
362 0 _a2002
440 1 _aModerna
650 4 _aLiteratura infanto-juvenil
942 _cBK
999 _c48671
_d48671